| 000 | 00377nam a22001577a 4500 | ||
|---|---|---|---|
| 003 | SGT | ||
| 020 | _a9789323573819 | ||
| 082 |
_a150.28 _bP24G |
||
| 100 | _aGREGORY, ROBERT | ||
| 245 | _aPSYCHOLOGICAL TESTING: HISTORY, PRINCIPLES AND APPLICATION | ||
| 250 | _a7TH | ||
| 260 |
_aINDIA _bPEARSON _c2024 |
||
| 300 | _a602 | ||
| 650 | _aCLINICAL PSYCHOLOGY | ||
| 942 |
_2ddc _cBK |
||
| 999 |
_c26857 _d26857 |
||